Welcome to CU Library Online Public Access Catalogue (OPAC)

Effective management: (Record no. 5808)

MARC details
000 -LEADER
fixed length control field 00485nam a22001697a 4500
005 - DATE AND TIME OF LATEST TRANSACTION
control field 20250516123102.0
008 - FIXED-LENGTH DATA ELEMENTS--GENERAL INFORMATION
fixed length control field 250516b |||||||| |||| 00| 0 eng d
020 ## - INTERNATIONAL STANDARD BOOK NUMBER
International Standard Book Number 9780324305999
050 ## - LIBRARY OF CONGRESS CALL NUMBER
Classification number HD 31 WIL
Item number 1
100 ## - MAIN ENTRY--PERSONAL NAME
Personal name WILLIAMS, Chuck
245 ## - TITLE STATEMENT
Title Effective management:
Remainder of title A multimedia approach,text,graphics,video animation
250 ## - EDITION STATEMENT
Edition statement 2nd ed.
260 ## - PUBLICATION, DISTRIBUTION, ETC.
Place of publication, distribution, etc. Australia
Name of publisher, distributor, etc. Thomson
Date of publication, distribution, etc. 2006
300 ## - PHYSICAL DESCRIPTION
Extent xxviii,528p
500 ## - GENERAL NOTE
General note text, graphics animation video
942 ## - ADDED ENTRY ELEMENTS (KOHA)
Source of classification or shelving scheme Library of Congress Classification
Koha item type Books
Suppress in OPAC No
999 ## -
-- 5808
-- 5808
Holdings
Withdrawn status Lost status Source of classification or shelving scheme Damaged status Not for loan Collection Home library Current library Shelving location Date acquired Total checkouts Full call number Barcode Date last seen Copy number Price effective from Koha item type
    Library of Congress Classification     Non-fiction Graduate Library (Christ Temple) Graduate Library (Christ Temple) General stacks 05/16/2025   HD 31 WIL GSCT00001202 05/16/2025 1 05/16/2025 Books
    Library of Congress Classification     Non-fiction Graduate Library (Christ Temple) Graduate Library (Christ Temple) General stacks 05/16/2025   HD 31 WIL GSCT00001203 05/16/2025 2 05/16/2025 Books
    Library of Congress Classification     Non-fiction Graduate Library (Christ Temple) Graduate Library (Christ Temple) General stacks 05/16/2025   HD 31 WIL GSCT00001204 05/16/2025 3 05/16/2025 Books
    Library of Congress Classification     Non-fiction Graduate Library (Christ Temple) Graduate Library (Christ Temple) General stacks 05/16/2025   HD 31 WIL GSCT00001205 05/16/2025 4 05/16/2025 Books
    Library of Congress Classification     Non-fiction Graduate Library (Christ Temple) Graduate Library (Christ Temple) General stacks 05/16/2025   HD 31 WIL GSCT00001206 05/16/2025 5 05/16/2025 Books
© 2023-2024 Copyright: Central University Libraries. All Rights Reserved | Created by: Mahone Tech Office